000 00705cam a2200229 a 4500
001 4733253
005 20180117040117.0
008 840827s1985 dcua b 001 0 eng
010 _a 84019932
020 _a0871873389 :
_c$8.50
040 _aDLC
_cDLC
_dDLC
041 _aeng
043 _an-us---
080 _a370..973 HOY
082 0 0 _a370..973 HOY
_219
100 _a46
101 _aEDU
245 0 0 _aEducation report card :
504 _aIncludes bibliographies and index.
906 _a7
_bcbc
_corignew
_d1
_eocip
_f19
_gy-gencatlg
942 _2ddc
_cBK
999 _c40415
_d40415